Effect of corn bran substitute corn as feet ingredient for growing pig at kandal steung district kandal province, ឥទ្ធពលនៃការប្រើប្រាស់កន្ទក់ពោតជំនួសពោតជាចំណីផ្សំលើការលូតលាស់របស់ជ្រូកសាច់ពូជកូនកាត់នៅស្រុកកណ្ដាលស្ទឹង ខេត្តកណ្ដាល (Record no. 2036)

000 -LEADER
fixed length control field 00811nam a22001577a 4500
003 - CONTROL NUMBER IDENTIFIER
control field OSt
005 - DATE AND TIME OF LATEST TRANSACTION
control field 20151006140140.0
008 - FIXED-LENGTH DATA ELEMENTS--GENERAL INFORMATION
fixed length control field 151006b xxu||||| |||| 00| 0 eng d
040 ## - CATALOGING SOURCE
Transcribing agency RUA
082 ## - DEWEY DECIMAL CLASSIFICATION NUMBER
Classification number AVM TRY 2006 B076 Or.1
100 ## - MAIN ENTRY--PERSONAL NAME
9 (RLIN) 2163
Personal name TRY, SOKHOM.
245 ## - TITLE STATEMENT
Title Effect of corn bran substitute corn as feet ingredient for growing pig at kandal steung district kandal province, ឥទ្ធពលនៃការប្រើប្រាស់កន្ទក់ពោតជំនួសពោតជាចំណីផ្សំលើការលូតលាស់របស់ជ្រូកសាច់ពូជកូនកាត់នៅស្រុកកណ្ដាលស្ទឹង ខេត្តកណ្ដាល
260 ## - PUBLICATION, DISTRIBUTION, ETC. (IMPRINT)
Place of publication, distribution, etc. Phnom Penh
Name of publisher, distributor, etc. RUA
Date of publication, distribution, etc. 2006
300 ## - PHYSICAL DESCRIPTION
Extent 36p.
Other physical details ill.
Dimensions 29cm.
942 ## - ADDED ENTRY ELEMENTS (KOHA)
Source of classification or shelving scheme
Koha item type AVM
Holdings
Price effective from Date last seen Permanent Location Not for loan Date acquired Source of classification or shelving scheme Koha item type Lost status Withdrawn status Date last checked out Total Checkouts Shelving location Damaged status Barcode Current Location Full call number
2015-10-062016-07-08Library Block B 2015-10-06 AVM  2016-06-292B076 RUA001346Library Block BAVM TRY 2006 B076 Or.1
2015-10-062015-10-06Library Block B 2015-10-06 AVM    B076 RUA008678-+Library Block BAVM TRY 2006 B076 Or.2
2015-10-062020-01-27Library Block B 2015-10-06 AVM  2020-01-142B076 RUA007665Library Block BAVM TRY 2006 B076 Or.3
2015-10-062016-08-08Library Block B 2015-10-06 AVM  2016-07-041B076 RUA008878Library Block BAVM TRY 2006 B076 Or.4
2015-10-062019-11-29Library Block B 2015-10-06 AVM  2019-11-221B076 RUA008832Library Block BAVM TRY 2006 B076 Or.5
មជ្ឈមណ្ឌលឯការនៃសាកលវិទ្យាល័យភូមិន្ទកសិកម្មចំការដូង

Powered by Koha